000
00286nam a22001217a 4500
008
180424b xxu||||| |||| 00| 0 eng d
041
_a
eng
080
_a
043.3
100
_a
0
101
_a
ARK-BA
245
_a
Ndertese e Banimit- Banim Kolektiv Familjar
_c
Elezi, M
942
_2
udc
_c
BK
999
_c
45447
_d
45447